महानगर मुंबई:हरवता हरवता गवसलेली (Record no. 195308)

MARC details
000 -LEADER
fixed length control field 00779nam a2200181Ia 4500
008 - FIXED-LENGTH DATA ELEMENTS--GENERAL INFORMATION
fixed length control field 090124s9999 xx 000 0 und d
082 ## - DEWEY DECIMAL CLASSIFICATION NUMBER
Item number 34027
100 ## - MAIN ENTRY--PERSONAL NAME
Personal name नानिवडेकर हेमांगी
245 ## - TITLE STATEMENT
Title महानगर मुंबई:हरवता हरवता गवसलेली
250 ## - EDITION STATEMENT
Edition statement 1
260 ## - PUBLICATION, DISTRIBUTION, ETC. (IMPRINT)
Name of publisher, distributor, etc नानिवडेकर हेमांगी
Date of publication, distribution, etc 2006
300 ## - PHYSICAL DESCRIPTION
Extent 719
600 ## - SUBJECT ADDED ENTRY--PERSONAL NAME
Personal name नानिवडेकर हेमांगी
630 ## - SUBJECT ADDED ENTRY--UNIFORM TITLE
Uniform title महानगर मुंबई:हरवता हरवता गवसलेली
700 ## - ADDED ENTRY--PERSONAL NAME
Personal name नानिवडेकर हेमांगी
730 ## - ADDED ENTRY--UNIFORM TITLE
Uniform title महानगर मुंबई:हरवता हरवता गवसलेली
942 ## - ADDED ENTRY ELEMENTS (KOHA)
Koha item type Book
Holdings
Withdrawn status Lost status Damaged status Not for loan Home library Current library Date acquired Cost, normal purchase price Total Checkouts Full call number Barcode Date last seen Cost, replacement price Price effective from Koha item type
        Marathi Granth Sangrahalaya,Thane Marathi Granth Sangrahalaya,Thane   325.00   34027 THNMGS-34027 01/24/2009 325.00 01/24/2009 Book